| 000 | 00489nam a22001457a 4500 | ||
|---|---|---|---|
| 003 | 0 | ||
| 005 | 20230624104338.0 | ||
| 008 | 230624b xxu||||| |||| 00| 0 eng d | ||
| 050 |
_aTS 155 _b.G36 2022 |
||
| 245 |
_aInventory, sales, ordering, reservation, management system for raskee bikes _cGamalo, Ryan R. |
||
| 260 |
_aLas PiƱas City _bSouthville International School and Colleges _cc2022 |
||
| 300 |
_axii, 214pp. _c28cm. |
||
| 500 | _aInventory management system. | ||
| 942 |
_2lcc _cTH |
||
| 999 |
_c365088 _d365088 |
||